| 000 -CABECERA |
| Longitud fija campo de control |
00547nam a2200181 a 4500 |
| 001 - NÚMERO DE CONTROL |
| Número de control |
2954 |
| 003 - IDENTIFICADOR DEL NÚMERO DE CONTROL |
| Identificador del número de control |
CDMR |
| 005 - FECHA Y HORA DE LA ÚLTIMA TRANSACCIÓN |
| Fecha y hora de la última transacción |
20131024111541.0 |
| 008 - CÓDIGOS DE INFORMACIÓN DE LONGITUD FIJA |
| Códigos de información de longitud fija |
130130s1969||||||||||||||||||||||||||||d |
| 040 ## - FUENTE DE LA CATALOGACIÓN |
| Centro catalogador de origen |
CDMR |
| Lengua de catalogación |
cat |
| Centro transcriptor |
CDMR |
| 100 1# - PUNTO DE ACCESO PRINCIPAL-NOMBRE DE PERSONA |
| Nombre de persona |
Pawley, Edward Lewis Ellman |
| 9 (RLIN) |
2174 |
| 245 10 - MENCIÓN DE TÍTULO |
| Título |
Normas de seguridad aplicables al personal de los organismos de radiodifusión y televisión |
| Mención de responsabilidad, etc. |
E.L.E. Pawley |
| 260 ## - PUBLICACIÓN, DISTRIBUCIÓN, ETC. (PIE DE IMPRENTA) |
| Lugar de publicación, distribución, etc. |
Madrid |
| Fecha de publicación, distribución, etc. |
1969 |
| Nombre del editor, distribuidor, etc. |
TVE |
| 300 ## - DESCRIPCIÓN FÍSICA |
| Extensión |
140 p ; |
| Dimensiones |
21 cm |
| 490 0# - MENCIÓN DE SERIE |
| Mención de serie |
Colección Eco |
| Designación de volumen o secuencia |
3 |
| 500 ## - NOTA GENERAL |
| Nota general |
Monografía técnica de la UER. |
| 942 ## - ENTRADA DE ELEMENTOS AGREGADOS (KOHA) |
| Koha [por defecto] tipo de item |
Monografies |
| Fuente de clasificaión o esquema |
|